000 00252nam a2200097Ia 4500
001 798762
005 20250826170834.0
008 250824s9999 xx 000 0 und d
245 0 _aCEMİL MERİÇİN DÜNYASI
_cMUSTAFA ARMAĞAN
260 _bKETEBE YAYINLARI
999 _c798762
_d798762